• 首页
  • 本馆介绍
  • 公告通知
  • 最新文献
  • 馆藏检索
  • 电子资源
  • 读者导购
  • 参考咨询
  • 我的图书馆
  • 登录
  • 详细信息显示
  • 放入我的书架
  • 预约/预借图书
  • 作者相关作品
  • 分类相关作品
  • 丛书相关作品
  • 出版社相关作品

书目信息

  • 表格格式
  • 工作单格式
  • 卡片格式
题名:
手风琴独奏曲精选
    
 
作者: 夏雄军 著
分册:  
出版信息: 湖南   湖南文艺出版社  2000
页数: 180
开本: 29cm
丛书名:
单 册:
中图分类: J64
科图分类:
主题词: 音乐--作品--中国
电子资源:
ISBN: 7-5404-2329-3
000 00527nam0 2200181 450
001 0758474734
005 20241120171116.32
010    @a7-5404-2329-3@dCNY 19.50
100    @a20070817d km y0chiy0120 ea
101 0  @achi
200 1  @a手风琴独奏曲精选@Ashou feng qin du zou qu jing xuan@f夏雄军著@Fxia xiong jun zhu
210    @a湖南@c湖南文艺出版社@d2000
215    @a180@d29cm
606 0  @a音乐@x作品@x中国
690    @aJ64@v3
701  0 @a夏雄军@Axia xiong jun@4著
801  0 @aCN@bPFT@c20070817
905    @a213230@dJ64@e261@f1
    
    手风琴独奏曲精选/夏雄军著.-湖南:湖南文艺出版社,2000
    180;29cm
    
    
    ISBN 7-5404-2329-3:CNY 19.50
    
●
相关链接 在E读中查询图书 在五车中查询图书 在当当中查询图书 在豆瓣中查询图书


正题名:手风琴独奏曲精选     索取号:J64/261         预约/预借

序号 登录号 条形码 馆藏地/架位号 状态 备注
1 7400571   274005710   音乐系资料室/ [索取号:J64/261] 在馆    
唐山师范学院图书馆 欢迎您!
大连网信软件有限公司© 版权所有